000
00309nam a22001457a 4500
008
210428b ||||| |||| 00| 0 eng d
020
_a
2900840068582
041
_a
eng
080
_2
7th
_a
575
082
_a
575
100
_a
5
101
_a
BIO
245
_a
Biochemistry
_c
Campbell,M.K
942
_2
udc
_c
BK
999
_c
56884
_d
56884